| 000 | 01488cad a22002655a 4500 | ||
|---|---|---|---|
| 001 | L158755 | ||
| 008 | 100521s2015 xxkd f s 000 0 eng d | ||
| 035 | _a(Sirsi) u158755 | ||
| 041 | 0 | _aeng | |
| 050 | 0 | 4 | _a331.281333 $2 18 |
| 110 | 2 |
_aRoyal Institution of Chartered Surveyors _94900 |
|
| 240 | 0 | 4 | _aThe RICS and Macdonald and Company salary survey |
| 245 | 0 | 4 |
_aThe RICS and Macdonald and Company Middle East rewards and attitudes survey 2015 _bexecutive summary and key findings _h[electronic resource] |
| 260 |
_aLondon _bMacdonald and Company _aLondon _bRICS _c2015 |
||
| 520 | _aKey findings from the RICS and Macdonald and Company Rewards and Attitudes Survey 2015. Several of the major consultancies are now setting up in the Saudi, and the Abu Dhabi government is spending on infrastructure and destination projects. Strengthening of dollar and weakening of euro, sterling and ruble results in the UAE being less competitive as a destination and tourist and investors numbers falling as a result. | ||
| 520 | _aA full copy of the report is not available in the Library. | ||
| 521 | 2 | _aAdvanced | |
| 590 | _aKA | ||
| 650 | 2 | 4 | _aRICS SALARY AND BENEFITS SURVEYS |
| 651 | 4 | _aMiddle East | |
| 690 | _aBusiness and management | ||
| 710 | 2 |
_aMacdonald and Company _93846 |
|
| 856 | 4 | 0 |
_uhttp://web.archive.org/web/20180519152843/http://www.macdonaldandcompany.com/File.ashx?path=Root/Documents/Salary_Survey/ME_SalSurv_2015.pdf _zView via the web archive |
| 942 |
_n0 _2ddc |
||
| 999 |
_c115490 _d115490 |
||